Information retrieval and hypertext
Αποθηκεύτηκε σε:
| Άλλοι συγγραφείς: | , |
|---|---|
| Μορφή: | Βιβλίο |
| Γλώσσα: | English |
| Δημοσίευση: |
Boston :
Kluwer Academic Publishers,
c1996.
|
| Θέματα: | |
| Ετικέτες: |
Προσθήκη ετικέτας
Δεν υπάρχουν, Καταχωρήστε ετικέτα πρώτοι!
|
MARC
| LEADER | 00000cam a2200000 i 4500 | ||
|---|---|---|---|
| 001 | 1/103021 | ||
| 008 | 000301s1996 eng d | ||
| 020 | |a 079239710X | ||
| 035 | |l 10058310 | ||
| 040 | |a GR-MY-UA |b gre |e aacr | ||
| 041 | 0 | |a eng | |
| 082 | 0 | |a 025.04 | |
| 245 | 1 | 0 | |a Information retrieval and hypertext / |c edited by Maristella Agosti, Alan F. Smeaton. |
| 260 | |a Boston : |b Kluwer Academic Publishers, |c c1996. | ||
| 300 | |a xviii, 279 σ. : |b εικ. ; |c 24 εκ. | ||
| 504 | |a Περιλαμβάνει βιβλιογραφικές παραπομπές και ευρετήριο. | ||
| 650 | 0 | 0 | |a Hypertext systems. |
| 650 | 0 | 0 | |a Information storage and retrieval systems. |
| 700 | 0 | |a Agosti, Maristella, |e edtf | |
| 700 | 1 | |a Smeaton, Alan F. |d 1959- |e edt | |
| 852 | |a INST |b SAMOS |e 20000301 |h 025.04 INF |p 005300018122 |q 005300018122 |t BK |y 0 | ||
| 901 | |a BIBL3-2000-2 | ||
| 909 | |a Σ |b 074061 | ||
| 922 | |a 3ΕΛΗ |c 200001 |b ΤΠΕΣ |d ΠΑΠΑΣΩΤΗΡΙΟΥ | ||
| 950 | |a 133-1999-07-20 | ||
| 970 | |z 2000/05/ΜΠΡΑΤΤΗΣ | ||